Memorias de Adriano
-д хадгалсан:
| Үндсэн зохиолч: | |
|---|---|
| Формат: | Ном |
| Хэл сонгох: | испани |
| Хэвлэсэн: |
Buenos Aires
Debolsillo
2008
|
| Хэвлэл: | 5a. ed |
| Цуврал: | Contemporánea
|
| Нөхцлүүд: | |
| Шошгууд: |
Шошго нэмэх
Шошго байхгүй, Энэхүү баримтыг шошголох эхний хүн болох!
|
MARC
| LEADER | 00000cam a2200000 a 4500 | ||
|---|---|---|---|
| 001 | UCG6701 | ||
| 003 | CL-VaPUC | ||
| 008 | 110512e20080500AG |||||||||||||||||spa|d | ||
| 020 | |a 9871138695 | ||
| 082 | 0 | 4 | |a 840 |b YOU |2 21 |
| 100 | 0 | |a Yourcenar, Marguerite |e author |9 557036 | |
| 245 | 1 | 0 | |a Memorias de Adriano |
| 250 | |a 5a. ed | ||
| 300 | |a 310 p | ||
| 942 | |c BK | ||
| 945 | |d 20110512 00:00:00 |a jcampos | ||
| 260 | |a Buenos Aires |b Debolsillo |c 2008 | ||
| 650 | 0 | |a Narrativa francesa |9 527755 | |
| 650 | 0 | |a Novela francesa |9 264985 | |
| 583 | |a last modification |c 20170904 08:48:39 |k Rodrigo Vera | ||
| 490 | 0 | |a Contemporánea | |
| 999 | |c 344852 |d 344850 | ||
| 952 | |0 0 |1 0 |4 0 |6 840_000000000000000_YOU_2008 |7 0 |8 C |9 443174 |a BIBCUR |b BIBCUR |d 2019-11-22 |i 4776348 |o 840 YOU 2008 |p 4776348 |r 2025-04-22 |w 2019-11-22 |y BK |k CAC | ||
| 952 | |0 0 |1 0 |3 erb |4 0 |6 840_000000000000000_YOU_2008 |7 0 |8 A |9 443175 |a BIBHIS |b BIBHIS |i 542139K |o 840 YOU 2008 |p 542139K |r 2025-01-20 |w 2019-11-22 |y BK |z Catalogado en:20170908 |k HIS | ||